000 00784cam a2200301 4500
001 ABS67905
008 040625n2004 000 0 eng u
035 _a(Sirsi) u126606
245 _aFocus 2: Cheshire, North Wales and Warrington
260 _c2004
490 _aEstates Gazette
_v(0424) 12 June 2004, 97-121(11)
590 _aABS
590 _aABS
650 _aCHESHIRE
650 _aNORTH WALES
650 _aWALES
650 _aWARRINGTON
650 _aCHESTER
650 _aPRESTATYN
650 _aNORTHWICH
650 _aRUNCORN
650 _aCREWE
650 _aOFFICE MARKET
650 _aPROPERTY-COMMERCIAL PROPERTY-RETAIL PROPERTY-RETAIL PROPERTY MARKET
650 _aINDUSTRIAL MARKET
690 _aCOMMERCIAL PROPERTY-MARKET
942 _n0
999 _c117596
_d117596